[Event "Irish New Year GM Norm Event 2022"]
[Site "Dublin IRL"]
[Date "2022.01.02"]
[Round "1.2"]
[White "Stefansson, Vignir Vatnar"]
[Black "Collins, Sam"]
[Result "1-0"]
[WhiteTitle "IM"]
[BlackTitle "IM"]
[WhiteElo "2465"]
[BlackElo "2456"]
[BlackICU "2439"]
[BlackClub "Gonzaga"]
[WhiteNationality "ISL"]
[BlackNationality "IRL"]
[WhiteFideId "2308649"]
[BlackFideId "2501198"]
[PlyCount "97"]
[EventDate "2022.01.02"]
[WhiteFullName "Stef&aacute;nsson, Vignir Vatnar"]

{ Event information: <a
href="https://www.irlchess.com/irishnygm2022_allfiles/pairings_irishnygm2022.html">Tournament
report</a>. }

1. d4 Nf6 2. c4 g6 3. g3 Bg7 4. Bg2 O-O 5. Nc3 d6 6. Nf3 c5 7. dxc5 dxc5 8.
Qxd8 Rxd8 9. Bf4 Nc6 10. Ne5 Na5 11. Rc1 Be6 12. Na4 Rac8 13. Bd2 Nxc4 14.
Nxc4 Bxc4 15. Bxb7 Bd5 16. Bxc8 Bxh1 17. Ba6 Bd5 18. b3 Ne4 19. Ba5 Rd6 20.
Bd3 Bd4 21. e3 Bf6 22. Ke2 Ng5 23. Nxc5 Bf3+ 24. Kf1 Bb2 25. Rc4 Bd5 26.
Rc2 Ba3 27. b4 Nf3 28. Ke2 Ne5 29. e4 Nxd3 30. Nxd3 Bxe4 31. Rc3 Bxd3+ 32.
Rxd3 Re6+ 33. Re3 Rxe3+ 34. Kxe3 Kf8 35. Kd4 Ke8 36. Kc4 Kd7 37. b5 Bd6 38.
Bb4 Bb8 39. Bc5 f5 40. a4 e6 41. a5 Kc7 42. a6 Kc8 43. f4 Kc7 44. Bd4 Kc8
45. Kc5 Kc7 46. h4 Kd7 47. b6 h5 48. Kb5 axb6 49. Kxb6 1-0

[Event "Irish New Year GM Norm Event 2022"]
[Site "Dublin IRL"]
[Date "2022.01.03"]
[Round "2.1"]
[White "Arkell, Keith"]
[Black "Gonzalez Garcia, Jose"]
[Result "1/2-1/2"]
[WhiteTitle "GM"]
[BlackTitle "GM"]
[WhiteElo "2370"]
[BlackElo "2466"]
[WhiteNationality "ENG"]
[BlackNationality "ESP"]
[WhiteFideId "400270"]
[BlackFideId "5101174"]
[PlyCount "31"]
[EventDate "2022.01.02"]
[BlackFullName "Garc&iacute;a Gonz&aacute;lez, Jos&eacute;"]

{ Event information: <a
href="https://www.irlchess.com/irishnygm2022_allfiles/pairings_irishnygm2022.html">Tournament
report</a>. }

1. d4 d5 2. Nf3 Nf6 3. c4 e6 4. cxd5 exd5 5. Nc3 c6 6. Qc2 Be7 7. Bg5 g6 8.
Bxf6 Bxf6 9. e3 O-O 10. h3 Be6 11. Bd3 Nd7 12. O-O a5 13. Ne2 Qe7 14. Nf4
Rfc8 15. Nxe6 Qxe6 16. Rad1 1/2-1/2

[Event "Irish New Year GM Norm Event 2022"]
[Site "Dublin IRL"]
[Date "2022.01.03"]
[Round "2.2"]
[White "Cafolla, Peter"]
[Black "Murphy, Conor E."]
[Result "1-0"]
[BlackTitle "IM"]
[WhiteElo "1976"]
[BlackElo "2431"]
[WhiteICU "1911"]
[BlackICU "2398"]
[WhiteClub "Rathmines"]
[BlackClub "Charlton ENG"]
[WhiteNationality "IRL"]
[BlackNationality "IRL"]
[WhiteFideId "2500884"]
[BlackFideId "421669"]
[PlyCount "165"]
[EventDate "2022.01.02"]

{ Event information: <a
href="https://www.irlchess.com/irishnygm2022_allfiles/pairings_irishnygm2022.html">Tournament
report</a>. }

1. d4 d5 2. c4 e6 3. Nc3 a6 4. cxd5 exd5 5. Qc2 Be6 6. Bf4 Bd6 7. Bxd6 Qxd6
8. Nf3 Nf6 9. e3 O-O 10. Bd3 h6 11. h3 Nbd7 12. O-O c6 13. Rfc1 Ne8 14. Na4
Qe7 15. Nc5 Nd6 16. a4 Rfd8 17. Qe2 Qf6 18. b4 Bf5 19. Nxd7 Rxd7 20. Ne5
Bxd3 21. Qxd3 Rdd8 22. Qe2 Re8 23. a5 Rad8 24. Qg4 g6 25. Nd7 Qe7 26. Nc5
Kg7 27. Rab1 h5 28. Qf3 Rc8 29. Rc2 Rh8 30. Re2 Rce8 31. Rbe1 f5 32. g3 g5
33. Qg2 Rh6 34. f3 Nb5 35. Qf2 Rf6 36. Kf1 Rf7 37. Kg2 Qf6 38. Rd2 Nd6 39.
Rde2 Rfe7 40. Nd3 Nc4 41. f4 Nd6 42. fxg5 Qxg5 43. Qf4 Qxf4 44. gxf4 Kf6
45. Kf3 Rg8 46. Rg2 Rxg2 47. Kxg2 Rg7+ 48. Kh2 Nc4 49. Re2 h4 50. Ne5 Rg3
51. Nd7+ Ke7 52. Nc5 Rxe3 53. Rg2 Nd6 54. Rg7+ Ke8 55. Rh7 Ne4 56. Rxh4
Re2+ 57. Kg1 Nxc5 58. bxc5 Re4 59. Rh7 Rxf4 60. Rxb7 Rxd4 61. Rc7 Ra4 62.
Rxc6 Rxa5 63. h4 Ra4 (63... Kd7 $10) 64. h5 Rh4 65. h6 d4 66. Rxa6 d3 67.
Kf2 Kf7 $2 (67... f4 $1 $10 { , e.g. } 68. h7 Rh2+ 69. Ke1 Ke7 70. Ra8 f3
71. h8=Q f2+ 72. Kf1 Rxh8 73. Ra7+ $10 (73. Rxh8 $4 d2 $19)) (67... Rh2+ {
also draws. }) 68. Rd6 $2 (68. h7 $1 $18) 68... Kg8 $2 (68... d2 $1 $10)
69. Ke3 Rc4 70. c6 Rc1 71. Kd2 Rc5 72. Kxd3 Rc1 73. Rf6 Kh7 74. Kd4 f4 75.
Kd5 Rd1+ 76. Ke6 Rc1 77. Kd7 Rd1+ 78. Kc8 Rc1 79. c7 Rc4 80. Kb7 Rb4+ 81.
Kc6 Rc4+ 82. Kd7 Rd4+ 83. Rd6 1-0

[Event "Irish New Year GM Norm Event 2022"]
[Site "Dublin IRL"]
[Date "2022.01.03"]
[Round "2.3"]
[White "Fitzsimons, David"]
[Black "Motwani, Paul"]
[Result "1/2-1/2"]
[WhiteTitle "IM"]
[BlackTitle "GM"]
[WhiteElo "2337"]
[BlackElo "2432"]
[WhiteICU "2350"]
[WhiteClub "Elm Mount"]
[WhiteNationality "IRL"]
[BlackNationality "SCO"]
[WhiteFideId "2501961"]
[BlackFideId "2400022"]
[PlyCount "94"]
[EventDate "2022.01.02"]

{ Event information: <a
href="https://www.irlchess.com/irishnygm2022_allfiles/pairings_irishnygm2022.html">Tournament
report</a>. }

1. e4 e6 2. d4 d5 3. Nc3 Bb4 4. Ne2 Nc6 5. a3 Ba5 6. b4 Bb6 7. Bb2 Nh6 8.
Qd2 O-O 9. Na4 Qh4 10. Nxb6 axb6 11. exd5 exd5 12. Qf4 Qxf4 13. Nxf4 Rd8
14. h3 Bf5 15. O-O-O g5 16. Ne2 Bg6 17. g4 f5 18. f3 Nf7 19. Nc3 f4 20. h4
h6 21. Nb5 Ne7 22. Re1 Rd7 23. c4 Nd6 24. cxd5 Nxd5 25. hxg5 hxg5 26. Re5
Nf7 27. Re6 Kg7 28. Nc3 c6 29. Bc4 Nd6 30. Nxd5 cxd5 31. Bxd5 Rc8+ 32. Kd1
Nb5 33. Rxg6+ Kxg6 34. Be4+ Kf6 35. d5+ Ke7 36. Rh7+ Kd6 37. Rxd7+ Kxd7 38.
Bf5+ Kd8 39. Bf6+ Kc7 40. a4 $4 (40. Bxc8 $18) 40... Rf8 $10 41. Be5+ Nd6
42. Kd2 Ra8 43. Bc2 Re8 44. Bd4 Nc4+ 45. Kc3 Ne5 46. Be4 Nxg4 47. Bg6 Re3+
1/2-1/2

[Event "Irish New Year GM Norm Event 2022"]
[Site "Dublin IRL"]
[Date "2022.01.03"]
[Round "2.4"]
[White "Collins, Sam"]
[Black "Kanyamarala, Tarun"]
[Result "1-0"]
[WhiteTitle "IM"]
[BlackTitle "FM"]
[WhiteElo "2456"]
[BlackElo "2398"]
[WhiteICU "2439"]
[BlackICU "2325"]
[WhiteClub "Gonzaga"]
[BlackClub "Balbriggan"]
[WhiteNationality "IRL"]
[BlackNationality "IRL"]
[WhiteFideId "2501198"]
[BlackFideId "45004714"]
[PlyCount "105"]
[EventDate "2022.01.02"]

{ Event information: <a
href="https://www.irlchess.com/irishnygm2022_allfiles/pairings_irishnygm2022.html">Tournament
report</a>. }

1. e4 c5 2. Nf3 Nc6 3. c3 Nf6 4. e5 Nd5 5. Bc4 Nb6 6. Bb3 c4 7. Bc2 d6 8.
exd6 Qxd6 9. O-O Bg4 10. h3 Bh5 11. Re1 e6 12. b3 Be7 13. Na3 cxb3 14. axb3
O-O 15. d4 Nd5 16. Bd2 a6 17. Nc4 Qc7 18. Ne3 Nf4 19. Ng4 Bg6 20. Bxg6 Nxg6
21. Qe2 Rfd8 22. Rad1 b5 23. Bc1 Na5 24. Qa2 Nc6 25. Qe2 Na5 26. Qa2 Nc6
27. Ne3 Nf4 28. Nf1 Nd5 29. Bd2 a5 30. Ne3 Nb6 31. Qc2 a4 32. Rb1 Rac8 33.
Qe4 Na5 34. bxa4 Nxa4 35. Rxb5 Nxc3 36. Bxc3 Qxc3 37. d5 e5 38. Qxe5 Bf6
39. Qxc3 Bxc3 40. Rc1 g6 41. Rxc3 Rxc3 42. Rxa5 f5 43. g3 Rb8 44. Ra2 f4
45. gxf4 Rb4 46. Ng5 Rxf4 47. Ra8+ Rf8 48. Rxf8+ Kxf8 49. Nxh7+ Ke7 50. Ng5
Rd3 51. Kg2 Kd6 52. Nf7+ Kc5 53. Ne5 1-0

[Event "Irish New Year GM Norm Event 2022"]
[Site "Dublin IRL"]
[Date "2022.01.03"]
[Round "2.5"]
[White "O'Gorman, Tom"]
[Black "Stefansson, Vignir Vatnar"]
[Result "1/2-1/2"]
[WhiteTitle "FM"]
[BlackTitle "IM"]
[WhiteElo "2350"]
[BlackElo "2465"]
[WhiteICU "2337"]
[WhiteNationality "IRL"]
[BlackNationality "ISL"]
[WhiteFideId "2508249"]
[BlackFideId "2308649"]
[PlyCount "54"]
[EventDate "2022.01.02"]
[BlackFullName "Stef&aacute;nsson, Vignir Vatnar"]

{ Event information: <a
href="https://www.irlchess.com/irishnygm2022_allfiles/pairings_irishnygm2022.html">Tournament
report</a>. }

1. e4 d5 2. exd5 Qxd5 3. Nc3 Qd6 4. d4 Nf6 5. Nf3 c6 6. Ne5 Nbd7 7. Nc4 Qc7
8. Qf3 Nb6 9. Bf4 Qd8 10. Nxb6 Qxb6 11. d5 Nxd5 12. Nxd5 cxd5 13. Qxd5 Bd7
14. O-O-O Bc6 15. Qd2 e6 16. Be5 Rd8 17. Bd4 Bc5 18. Bxc5 Rxd2 19. Bxb6
Rxd1+ 20. Kxd1 axb6 21. f3 Ke7 22. Bd3 h5 23. Re1 h4 24. Be4 Rh5 25. Bxc6
bxc6 26. Kd2 Rd5+ 27. Ke3 Re5+ 1/2-1/2

[Event "Irish New Year GM Norm Event 2022"]
[Site "Dublin IRL"]
[Date "2022.01.03"]
[Round "3.4"]
[White "Murphy, Conor E."]
[Black "Fitzsimons, David"]
[Result "1/2-1/2"]
[WhiteTitle "IM"]
[BlackTitle "IM"]
[WhiteElo "2431"]
[BlackElo "2337"]
[WhiteICU "2398"]
[BlackICU "2350"]
[WhiteClub "Charlton ENG"]
[BlackClub "Elm Mount"]
[WhiteNationality "IRL"]
[BlackNationality "IRL"]
[WhiteFideId "421669"]
[BlackFideId "2501961"]
[PlyCount "163"]
[EventDate "2022.01.02"]

{ Event information: <a
href="https://www.irlchess.com/irishnygm2022_allfiles/pairings_irishnygm2022.html">Tournament
report</a>. }

1. e4 Nf6 2. e5 Nd5 3. d4 d6 4. Nf3 dxe5 5. Nxe5 g6 6. Be2 Bg7 7. O-O O-O
8. a3 c5 9. Nf3 cxd4 10. Nxd4 Qb6 11. Nb5 Rd8 12. Qe1 a6 13. N5c3 Nxc3 14.
Nxc3 Bf5 15. Bf3 e6 16. Bg5 Rd7 17. Na4 Qc7 18. Be3 Bd4 19. Rd1 e5 20. c3
Bxe3 21. Qxe3 Rxd1 22. Rxd1 Nd7 23. b3 Rc8 24. c4 b5 25. Nb2 Qb6 26. Qxb6
Nxb6 27. Bb7 Rb8 28. Bxa6 bxc4 29. Nxc4 Bc2 30. Ra1 Bxb3 31. Nxe5 Ra8 32.
Bf1 Kg7 33. g3 Kf6 34. Nf3 Bd5 35. Nd4 Ke5 36. Nb5 Ra5 37. Re1+ Kf6 38. Rc1
h5 39. h4 Be6 40. Rc6 Nd5 41. Be2 Ke7 42. Rc5 Kf6 43. Rc1 Ke7 44. Kf1 Bd7
45. Nc3 Nb6 46. Ra1 Rc5 47. Ne4 Re5 48. f3 Na4 49. Kf2 Bf5 50. Bd1 Nb2 51.
Bc2 Ra5 52. Ra2 Na4 53. Ke3 Be6 54. Ra1 Nb6 55. Bd3 Na4 56. Rb1 Bd5 57. Rb5
Rxb5 58. Bxb5 Bb3 59. Kd4 Nb6 60. Nc5 Bd1 61. f4 Bf3 62. a4 Nc8 63. a5 Na7
64. Ba4 Nc6+ 65. Bxc6 Bxc6 66. a6 Bb5 67. Kd5 Be2 68. a7 Bf3+ 69. Ke5 f6+
70. Kd4 Ba8 71. Na4 Ke6 72. Nb6 Bb7 73. Ke3 Kf5 74. a8=Q Bxa8 75. Nxa8 Kg4
76. Nb6 (76. Kf2 { also wins, with the key point that } 76... g5 { is met
by } 77. Ke3 $3 (77. fxg5 $2 fxg5 78. hxg5 Kxg5 79. Kf3 h4 80. g4 h3 $10) {
e.g. } 77... gxh4 78. gxh4 Kxh4 79. Kf3 $1 { (quickest, though N any is
also good enough). }) 76... Kxg3 77. Nd5 Kxh4 78. Nxf6 Kg3 79. Ne4+ $4 (79.
Nxh5+ $1 { (only move) wins. }) 79... Kg2 80. Ng5 h4 81. Ke4 h3 82. Nxh3
1/2-1/2

[Event "Irish New Year GM Norm Event 2022"]
[Site "Dublin IRL"]
[Date "2022.01.03"]
[Round "3.5"]
[White "Gonzalez Garcia, Jose"]
[Black "Cafolla, Peter"]
[Result "1-0"]
[WhiteTitle "GM"]
[WhiteElo "2466"]
[BlackElo "1976"]
[BlackICU "1911"]
[BlackClub "Rathmines"]
[WhiteNationality "ESP"]
[BlackNationality "IRL"]
[WhiteFideId "5101174"]
[BlackFideId "2500884"]
[PlyCount "67"]
[EventDate "2022.01.02"]
[WhiteFullName "Garc&iacute;a Gonz&aacute;lez, Jos&eacute;"]

{ Event information: <a
href="https://www.irlchess.com/irishnygm2022_allfiles/pairings_irishnygm2022.html">Tournament
report</a>. }

1. Nf3 d5 2. e3 e6 3. c4 c5 4. cxd5 exd5 5. Bb5+ Bd7 6. Bxd7+ Qxd7 7. O-O
Nc6 8. b3 Nf6 9. Bb2 Be7 10. d4 O-O 11. dxc5 Ne4 12. Nc3 Nxc3 13. Bxc3 Bxc5
14. Qc2 Qe7 15. Rad1 Rad8 16. Qb2 Ba3 17. Qa1 f5 18. Rfe1 Bb4 19. Bxb4 Qxb4
20. Nd4 Qe7 21. Rd2 Rd6 22. Ne2 Qf7 23. Qc3 Rfd8 24. Red1 a6 25. Qc5 Qd7
26. h3 Qf7 27. Nf4 Ne7 28. Qc7 R6d7 29. Qb6 Nc6 30. Nd3 d4 $2 31. Nc5 Rd5
32. exd4 Nxd4 33. Rxd4 Rxd4 34. Qxd8+ $1 1-0

[Event "Irish New Year GM Norm Event 2022"]
[Site "Dublin IRL"]
[Date "2022.01.04"]
[Round "4.2"]
[White "Fitzsimons, David"]
[Black "Gonzalez Garcia, Jose"]
[Result "1/2-1/2"]
[WhiteTitle "IM"]
[BlackTitle "GM"]
[WhiteElo "2337"]
[BlackElo "2466"]
[WhiteICU "2350"]
[WhiteClub "Elm Mount"]
[WhiteNationality "IRL"]
[BlackNationality "ESP"]
[WhiteFideId "2501961"]
[BlackFideId "5101174"]
[PlyCount "61"]
[EventDate "2022.01.02"]
[BlackFullName "Garc&iacute;a Gonz&aacute;lez, Jos&eacute;"]

{ Event information: <a
href="https://www.irlchess.com/irishnygm2022_allfiles/pairings_irishnygm2022.html">Tournament
report</a>. }

1. e4 c5 2. Nf3 e6 3. Nc3 Nc6 4. Bb5 Nd4 5. O-O a6 6. Bd3 Nc6 7. b3 d6 8.
Bb2 Nf6 9. Re1 Nd7 10. Bf1 Nde5 11. Nxe5 dxe5 12. Ne2 Be7 13. c3 O-O 14. a3
Bd7 15. d4 exd4 16. cxd4 cxd4 17. Nxd4 Bf6 18. Nxc6 Bxc6 19. Qxd8 Rfxd8 20.
Bxf6 gxf6 21. f3 Rd2 22. Red1 Rb2 23. Rab1 Rxb1 24. Rxb1 Rd8 25. Rc1 a5 26.
b4 axb4 27. axb4 Ba4 28. b5 Rd1 29. Rxd1 Bxd1 30. Kf2 b6 31. Ke3 1/2-1/2

[Event "Irish New Year GM Norm Event 2022"]
[Site "Dublin IRL"]
[Date "2022.01.04"]
[Round "4.5"]
[White "Stefansson, Vignir Vatnar"]
[Black "Kanyamarala, Tarun"]
[Result "1-0"]
[WhiteTitle "IM"]
[BlackTitle "FM"]
[WhiteElo "2465"]
[BlackElo "2398"]
[BlackICU "2325"]
[BlackClub "Balbriggan"]
[WhiteNationality "ISL"]
[BlackNationality "IRL"]
[WhiteFideId "2308649"]
[BlackFideId "45004714"]
[PlyCount "107"]
[EventDate "2022.01.02"]
[WhiteFullName "Stef&aacute;nsson, Vignir Vatnar"]

{ Event information: <a
href="https://www.irlchess.com/irishnygm2022_allfiles/pairings_irishnygm2022.html">Tournament
report</a>. }

1. d4 Nf6 2. c4 e6 3. g3 d5 4. Bg2 dxc4 5. Nf3 Nc6 6. Qa4 Bb4+ 7. Bd2 Nd5
8. Qb5 Bxd2+ 9. Nbxd2 c3 10. bxc3 Nxc3 11. Qd3 Nd5 12. O-O O-O 13. Rfc1 h6
14. Rab1 Qe7 15. a3 Rd8 16. Nc4 b6 17. Nce5 Na5 18. Qc2 Bb7 19. Qa4 Rac8
20. Nd3 Qe8 21. Qxe8+ Rxe8 22. Nfe5 f6 23. Nf3 Ba6 24. Nfe1 Ne7 25. e3 Bb7
26. Rb2 Bxg2 27. Kxg2 Red8 28. h4 g5 29. h5 Kf7 30. g4 Nb7 31. Rbc2 c6 32.
Kf1 Rd7 33. Ke2 Rdc7 34. Nf3 c5 35. dxc5 bxc5 36. Nd2 Nd5 37. Nc4 Ke7 38.
e4 Nb6 39. e5 fxe5 40. Ndxe5 Nxc4 41. Rxc4 Nd6 42. Ra4 Nb5 43. Ke3 Kf6 44.
Nc4 Rd7 45. Ra5 Nc7 46. Nd2 Nd5+ 47. Kf3 Rf7 48. Rcxc5 Rxc5 49. Rxc5 Ke5+
50. Ke2 Rf4 51. Ra5 Rf7 52. Nc4+ Kf6 53. Nd6 Rc7 $4 (53... Rd7 $10) 54.
Ne8+ 1-0

[Event "Irish New Year GM Norm Event 2022"]
[Site "Dublin IRL"]
[Date "2022.01.04"]
[Round "5.1"]
[White "Kanyamarala, Tarun"]
[Black "Arkell, Keith"]
[Result "0-1"]
[WhiteTitle "FM"]
[BlackTitle "GM"]
[WhiteElo "2398"]
[BlackElo "2370"]
[WhiteICU "2325"]
[WhiteClub "Balbriggan"]
[WhiteNationality "IRL"]
[BlackNationality "ENG"]
[WhiteFideId "45004714"]
[BlackFideId "400270"]
[PlyCount "126"]
[EventDate "2022.01.02"]

{ Event information: <a
href="https://www.irlchess.com/irishnygm2022_allfiles/pairings_irishnygm2022.html">Tournament
report</a>. }

1. d4 Nf6 2. c4 e6 3. Nc3 Bb4 4. e3 c5 5. Ne2 cxd4 6. exd4 d5 7. c5 Ne4 8.
Bd2 Nxd2 9. Qxd2 b6 10. a3 Bxc3 11. Nxc3 a5 12. Na4 bxc5 13. dxc5 O-O 14.
Be2 Bd7 15. Nb6 Ra7 16. b3 Bc6 17. O-O Nd7 18. Nxd7 Qxd7 19. b4 Rfa8 20.
Rab1 axb4 21. axb4 Bb5 22. Rfc1 Ra2 23. Bxb5 Qxb5 24. Qd1 h6 25. Qf1 Rb8
26. c6 Qb6 27. b5 Ra7 28. Qd3 Rc7 29. Qa3 Kh7 30. h3 g6 31. Qd6 Rcc8 32.
Kf1 Kg7 33. Qe5+ Kg8 34. Qc3 h5 35. Rb3 Ra8 36. Qc5 Rab8 37. Ke2 Rc7 38.
Qxb6 Rxb6 39. Kd3 Kf8 40. Kc3 Ke7 41. Kb4 Kd6 42. Ra3 Rb8 43. Ra6 h4 44.
Rca1 Rcc8 45. R1a3 e5 46. Rf3 Rc7 47. Rfa3 Rcc8 48. Ka5 d4 49. Kb4 Kd5 50.
R3a5 d3 51. Kc3 e4 52. Ra7 Kc5 53. Re7 f5 54. f3 Kd6 55. Rd7+ Kc5 56. fxe4
fxe4 57. Re7 Re8 58. Rxe8 $4 (58. c7 Rbc8 59. Rxe8 Rxe8 60. Ra4 { and White
is still winning. }) 58... Rxe8 $19 59. Kd2 e3+ 60. Ke1 e2 61. Ra1 Kxb5 62.
Rc1 Rf8 63. Kd2 Rf1 0-1

[Event "Irish New Year GM Norm Event 2022"]
[Site "Dublin IRL"]
[Date "2022.01.04"]
[Round "5.2"]
[White "Motwani, Paul"]
[Black "Stefansson, Vignir Vatnar"]
[Result "0-1"]
[WhiteTitle "GM"]
[BlackTitle "IM"]
[WhiteElo "2432"]
[BlackElo "2465"]
[WhiteNationality "SCO"]
[BlackNationality "ISL"]
[WhiteFideId "2400022"]
[BlackFideId "2308649"]
[PlyCount "138"]
[EventDate "2022.01.02"]
[BlackFullName "Stef&aacute;nsson, Vignir Vatnar"]

{ Event information: <a
href="https://www.irlchess.com/irishnygm2022_allfiles/pairings_irishnygm2022.html">Tournament
report</a>. }

1. d4 Nf6 2. Bg5 d5 3. Nd2 c5 4. dxc5 Na6 5. e4 Nxc5 6. exd5 Nxd5 7. Nb3
Qd6 8. Nf3 h6 9. Bd2 e6 10. Bb5+ Bd7 11. Qe2 a6 12. Bc4 Nf4 13. Bxf4 Qxf4
14. Ne5 Bd6 15. Nxd7 Nxd7 16. g3 Qe5 17. O-O-O Qxe2 18. Bxe2 Bc7 19. h4 Bb6
20. f4 h5 21. Rd3 O-O-O 22. Nd2 Nf6 23. Rb3 Bd4 24. Bf3 b6 25. Rh2 Kc7 26.
Re2 Nd7 27. Rb4 Bc5 28. Rc4 b5 29. Rc3 Kb6 30. Nb3 b4 31. Rc4 Kb5 32. Re5
Rc8 33. Be2 Kb6 34. Ree4 a5 35. Nxc5 Rxc5 36. Rxc5 Nxc5 37. Re3 g6 38. a3
Rd8 39. axb4 axb4 40. Bf3 Rd4 41. c3 Rc4 42. Kd2 b3 43. Re1 Ra4 44. Ke3 Ra2
45. Rb1 Ra7 46. Rd1 Kc7 47. Rd4 Ra2 48. Rd2 f6 49. Kd4 Kb6 50. Ke3 Ra5 51.
Rd4 Kc7 52. Bd1 Ra1 53. Rd2 e5 54. fxe5 fxe5 55. Bf3 e4 56. Bd1 Kc6 57. Kd4
Rb1 58. Ke3 Ra1 59. Kf4 Ra8 60. Ke3 Rf8 61. Be2 Nb7 62. Kxe4 Nd6+ 63. Ke5
$4 (63. Kd4 Nf5+ 64. Ke5 $14) 63... Rf5+ 64. Ke6 Ne4 $19 65. Bd3 Nxd2 66.
Bxf5 gxf5 67. Kxf5 Nc4 68. g4 hxg4 69. Kxg4 Nxb2 0-1

[Event "Irish New Year GM Norm Event 2022"]
[Site "Dublin IRL"]
[Date "2022.01.04"]
[Round "5.3"]
[White "Murphy, Conor E."]
[Black "O'Gorman, Tom"]
[Result "1/2-1/2"]
[WhiteTitle "IM"]
[BlackTitle "FM"]
[WhiteElo "2431"]
[BlackElo "2350"]
[WhiteICU "2398"]
[BlackICU "2337"]
[WhiteClub "Charlton ENG"]
[WhiteNationality "IRL"]
[BlackNationality "IRL"]
[WhiteFideId "421669"]
[BlackFideId "2508249"]
[PlyCount "85"]
[EventDate "2022.01.02"]

{ Event information: <a
href="https://www.irlchess.com/irishnygm2022_allfiles/pairings_irishnygm2022.html">Tournament
report</a>. }

1. e4 c5 2. Nf3 d6 3. Bb5+ Bd7 4. Bxd7+ Nxd7 5. O-O Ngf6 6. Qe2 Rc8 7. c3
e6 8. d4 cxd4 9. cxd4 d5 10. e5 Ng8 11. Nc3 Ne7 12. Bg5 a6 13. Qd3 h6 14.
Bd2 Nb6 15. b3 Nf5 16. Ne2 Nd7 17. Nf4 Nb8 18. Nh5 Nc6 19. Kh1 Qb6 20. Bc3
g6 21. Nf6+ Kd8 22. g4 Ng7 23. Qe3 Rc7 24. Kg2 Kc8 25. Rab1 Be7 26. Rfc1
Bxf6 27. exf6 Ne8 28. Ne5 Nd6 29. f3 Nxe5 30. Qxe5 Kd7 31. Bd2 Rhc8 32.
Bxh6 Rc2+ 33. Kg3 Nb5 34. Be3 Rxc1 35. Rxc1 Rxc1 36. Bxc1 Qxd4 37. Qxd4
Nxd4 38. Bb2 Ne2+ 39. Kf2 Nf4 40. Ke3 g5 41. Be5 Ng6 42. Kd4 Nh4 43. Ke3
1/2-1/2

[Event "Irish New Year GM Norm Event 2022"]
[Site "Dublin IRL"]
[Date "2022.01.04"]
[Round "5.4"]
[White "Gonzalez Garcia, Jose"]
[Black "Collins, Sam"]
[Result "1-0"]
[WhiteTitle "GM"]
[BlackTitle "IM"]
[WhiteElo "2466"]
[BlackElo "2456"]
[BlackICU "2439"]
[BlackClub "Gonzaga"]
[WhiteNationality "ESP"]
[BlackNationality "IRL"]
[WhiteFideId "5101174"]
[BlackFideId "2501198"]
[PlyCount "101"]
[EventDate "2022.01.02"]
[WhiteFullName "Garc&iacute;a Gonz&aacute;lez, Jos&eacute;"]

{ Event information: <a
href="https://www.irlchess.com/irishnygm2022_allfiles/pairings_irishnygm2022.html">Tournament
report</a>. }

1. Nf3 Nf6 2. c4 g6 3. g3 Bg7 4. Bg2 O-O 5. O-O c5 6. Nc3 Nc6 7. d4 d6 8.
e3 Bd7 9. b3 Qc8 10. Bb2 Bh3 11. d5 Nb8 12. Qe2 a6 13. e4 Bxg2 14. Kxg2
Nbd7 15. Rad1 b5 16. Nd2 Qb7 17. f4 e6 18. Qf3 exd5 19. cxd5 Rfe8 20. e5
dxe5 21. Nde4 Nxe4 22. Nxe4 Qb6 23. f5 gxf5 24. d6 fxe4 25. Qxf7+ Kh8 26.
Qxd7 Rad8 27. Qc7 Qxc7 28. dxc7 Rd3 29. Rxd3 exd3 30. Rf7 Kg8 31. Rd7 Bf6
32. Bxe5 Bxe5 33. Rd8 Bxc7 34. Rxe8+ Kf7 35. Re3 d2 36. Rf3+ Ke6 37. Rf1
Ke5 38. Kf3 c4 39. bxc4 bxc4 40. Ke2 c3 41. Kd3 Ba5 42. g4 h6 43. Rf5+ Ke6
44. Kc2 Bc7 45. h4 Be5 46. Rh5 Bf4 47. Ra5 Kd6 48. a4 Ke6 49. g5 hxg5 50.
hxg5 Be3 51. g6 1-0

[Event "Irish New Year GM Norm Event 2022"]
[Site "Dublin IRL"]
[Date "2022.01.04"]
[Round "5.5"]
[White "Cafolla, Peter"]
[Black "Fitzsimons, David"]
[Result "1/2-1/2"]
[BlackTitle "IM"]
[WhiteElo "1976"]
[BlackElo "2337"]
[WhiteICU "1911"]
[BlackICU "2350"]
[WhiteClub "Rathmines"]
[BlackClub "Elm Mount"]
[WhiteNationality "IRL"]
[BlackNationality "IRL"]
[WhiteFideId "2500884"]
[BlackFideId "2501961"]
[PlyCount "104"]
[EventDate "2022.01.02"]

{ Event information: <a
href="https://www.irlchess.com/irishnygm2022_allfiles/pairings_irishnygm2022.html">Tournament
report</a>. }

1. e4 c5 2. Nf3 d6 3. d4 cxd4 4. Nxd4 Nf6 5. Nc3 a6 6. h3 e6 7. g4 d5 8.
exd5 Nxd5 9. Nde2 Bb4 10. a3 Bxc3+ 11. Nxc3 Nxc3 12. Qxd8+ Kxd8 13. bxc3
Bd7 14. f4 Bc6 15. Rg1 Nd7 16. Be3 Kc7 17. O-O-O Rhe8 18. Bd3 g6 19. Rdf1
Rad8 20. Bd4 Nb6 21. Be5+ Kc8 22. c4 Na4 23. Re1 Nc5 24. Rg3 Rd7 25. Ree3
b6 26. h4 Kb7 27. Rh3 Red8 28. Bf6 Rc8 29. Kb2 b5 30. cxb5 Bxb5 31. Bxb5
axb5 32. Rh2 Na4+ 33. Kb3 Rc4 34. Be5 Rd1 35. g5 Kc6 36. Rf3 Kb6 37. h5 Ka5
38. hxg6 hxg6 39. Rh7 Rb1+ 40. Ka2 Rc1 41. Rf2 R1xc2+ 42. Rxc2 Rxc2+ 43.
Kb3 Rc4 44. Rxf7 Nc5+ 45. Ka2 Nd3 46. Ra7+ Kb6 47. Rg7 Ka5 48. Ra7+ Kb6 49.
Rg7 Ka5 50. Ra7+ Kb6 51. Re7 Rc6 52. Rg7 Ka5 1/2-1/2